| 000 | 01281nam a22002417a 4500 | ||
|---|---|---|---|
| 999 |
_c60142 _d60142 |
||
| 003 | Ge_BSU | ||
| 005 | 20230612172302.0 | ||
| 008 | 230612s2013 ge ||||| |||| 00| 0 geo d | ||
| 020 | _a9789941448447 | ||
| 041 | _ageo | ||
| 080 | _a94(=353.1)(479.24-25) ნ-63 | ||
| 100 |
_aნიკოლეიშვილი, ავთანდილ _9296 |
||
| 245 |
_aბაქოს ქართული დიასპორის ისტორიიდან / _cავთანდილ ნიკოლეიშვილი; რედ.: ლუკა დვალიშვილი, ოთარ ნიკოლეიშვილი. |
||
| 264 |
_aქუთაისი : _bაკაკი წერეთლის სახელმწ. უნ-ტის გამ-ბა და სტ., _c2013. |
||
| 300 |
_a156 გვ. ; _b20 სმ. |
||
| 501 | _a საძიებლები: გვ. 145-154. | ||
| 504 | _a ბიბლიოგრ.: 137-140. | ||
| 520 | _a რეზ. ინგლ. | ||
| 653 | _aქართველები ბაქოში. | ||
| 700 |
_aდვალიშვილი, ლუკა _eრედსქტორი _918650 |
||
| 700 |
_aნიკოლეიშვილი, ოთარ _eრედაქტორი _918651 |
||
| 942 |
_2udc _cBK |
||